Key topics in public health : (رقم التسجيلة. 21218)

تفاصيل مارك
000 -الفاتح
حقل البيانات ثابتة الطول 01169cam a22003254a 4500
001 - رقم الضبط
رقم الضبط 13821004
003 - محدد رقم الضبط
رقم الضبط OSt
005 - وقت وتاريخ اخر تعامل مع التسجيلة
رقم الضبط 20150408114011.0
008 - عناصر البيانات ثابتة الطول - معلومات عامة
حقل البيانات ثابتة الطول 041220s2005 stka b 001 0 eng
010 ## - رقم ضبط مكتبة الكونجرس
رقم ضبط مكتبة الكونجرس 2004065679
020 ## - الرقم الدولى المعيارى للكتب
الرقم الدولى المعيارى للكتاب 0443100268 (alk. paper)
035 ## - رقم ضبط النظام
رقم ضبط النظام (DNLM)101238867
040 ## - مصدر الفهرسة
وكالة الفهرسة الأصلية DNLM/DLC
وكالة النسخ DLC
وكالة التعديل DLC
042 ## - رمز التحقق
رمز التحقق pcc
050 00 - رقم طلب مكتبة الكونجرس
رقم التصنيف 427.8
رقم المادة .K49 2005
060 10 - رقم الطلب بالمكتبة الطبية الوطنية
رقم التصنيف WA 108
رقم المادة K44 2005
245 00 - بيان العنوان
العنوان Key topics in public health :
بقية العنوان essential briefings on prevention and health promotion /
بيان المسئوليه,etc edited by Linda Ewles ; foreword by David J. Hunter.
260 ## - PUBLICATION, DISTRIBUTION, ETC. (IMPRINT)
مكان الناشر او الموزع Edinburgh ;
-- New York :
اسم الناشر او الموزع Elsevier Churchill Livingstone,
تاريخ النشر أو التوزيع 2005.
300 ## - الوصف المادى
التعداد xviii, 292 p. :
تفاصيل ماديه اخرى للوعاء ill. ;
أبعاد الوعاء 25 cm.
504 ## - تبصرة ببليوجرافية
تبصرة ببليوجرافية,الخ Includes bibliographical references and index.
650 #0 - المدخل الاضافى بالموضوع-مصطلح موضوعى
مصطلح موضوعي أو اسم جغرافي كعنصر مدخل Health promotion.
9 (RLIN) 5466
650 #0 - المدخل الاضافى بالموضوع-مصطلح موضوعى
مصطلح موضوعي أو اسم جغرافي كعنصر مدخل Public health.
650 12 - المدخل الاضافى بالموضوع-مصطلح موضوعى
مصطلح موضوعي أو اسم جغرافي كعنصر مدخل Primary Prevention.
9 (RLIN) 10266
650 22 - المدخل الاضافى بالموضوع-مصطلح موضوعى
مصطلح موضوعي أو اسم جغرافي كعنصر مدخل Health Promotion.
9 (RLIN) 5466
650 22 - المدخل الاضافى بالموضوع-مصطلح موضوعى
مصطلح موضوعي أو اسم جغرافي كعنصر مدخل Public Health.
700 1# - المدخل الاضافى - اسم شخصى
الإسم الشخصى Ewles, Linda.
9 (RLIN) 10267
942 ## - عناصر المدخل الإضافي( كوها)
مصدر التصنيف او مخطط الترفيف Dewey Decimal Classification
Koha [default] item type كتاب
المقتنيات
حالة الفقد نموذج السعر الفعال حالة تلف ليس للاعارة رقم الطلب تاريخ الاكتساب الموقع الحالي الباركود الفرع الرئيسي Date last seen نوع المادة فى نظام كوها مصدر التصنيف او خطة الترفيف Total Checkouts
  2013-03-10     427.8 J D K 2012-04-05 مكتبة كلية العلوم الطبية التطبيقية بالمجمعة - طالبات (AMF) 00025796 مكتبة كلية العلوم الطبية التطبيقية بالمجمعة - طالبات (AMF) 2013-03-10 كتاب Dewey Decimal Classification